000
00315 a2200145 4500
001
74646
020
_a
9780582428683
040
_c
Anchieta - Colégio São Paulo
240
1
0
_a
Cinderella
_l
Ing
245
1
0
_a
Cinderella
300
_a
15
362
0
_a
2000
650
4
_a
Literatura infantil em inglês
942
_c
BK
999
_c
74646
_d
74646